| 000 | 00974nam a22002537a 4500 | ||
|---|---|---|---|
| 999 |
_c64255 _d64255 |
||
| 005 | 20240530110722.0 | ||
| 008 | 180331s2016 ua a g b 000 0 ara d | ||
| 017 |
_a2015/26464 _bمصر. دار الكتب |
||
| 020 | _a9789777650441 | ||
| 040 |
_aEG-CaGPL _cEG-CaGPL |
||
| 082 | 0 | 4 |
_221 _a268.1\ _bن م |
| 100 | 1 | _aالنفرى , محمد بن عبدالجبار | |
| 245 | 1 | 2 |
_aالمواقف والمخاطبات / _cمحمد بن عبدالجبار بن الحسن النفرى ؛ تصحيح ارثر يوحنا اربرى . |
| 250 | _aط.1 | ||
| 260 |
_aالقاهرة : _bآفاق للنشر والتوزيع، _c2016 . |
||
| 300 |
_a231 ص. ؛ _c24 سم. |
||
| 504 | _aيشتمل على ارجاعات ببليوجرافية | ||
| 650 | 0 | 7 |
_2qrmak _aالتصوف |
| 650 | 0 | 7 |
_2qrmak _aالتصوف الاسلامى |
| 651 | _2qrmak | ||
| 700 | 1 | _aاربرى، ارثر يوحنا | |
| 942 |
_2ddc _cBK |
||